|
|
|
|
| LEADER |
01799nam a2200337 u 4500 |
| 001 |
10020630 |
| 003 |
upatras |
| 005 |
20240415123958.0 |
| 008 |
990301s gr gre |
| 020 |
|
|
|a 9602701714
|q (τ.1)
|
| 040 |
|
|
|a GR-PaULI
|c GR-PaULI
|
| 041 |
0 |
|
|a gre
|
| 082 |
0 |
4 |
|a 891.7
|
| 100 |
1 |
|
|a Tolstoy, Leo,
|c graf,
|d 1828-1910
|9 185473
|
| 245 |
1 |
0 |
|a Πόλεμος και ειρήνη
|c Λέων Τολστόη; μετάφραση από τα ρωσικά Κοραλία Μακρή
|
| 260 |
|
|
|a [Χ.τ.]
|b Εκδόσεις Γκοβοστή
|c [χ.χ]
|
| 300 |
|
|
|a 3 τ.
|b φωτ.
|c 24 εκ.
|
| 505 |
0 |
|
|a τ.1. - 389 σ. --
|a τ.3. - 438 σ. --
|a τ.4. - 404 σ.
|
| 650 |
|
4 |
|a Ρωσικό μυθιστόρημα
|9 2566
|
| 650 |
|
4 |
|a Παγκόσμια λογοτεχνία
|9 2585
|
| 600 |
1 |
0 |
|a Tolstoy, Leo,
|c graf,
|d 1828-1910
|9 185473
|
| 700 |
1 |
|
|a Μακρή, Κοραλία
|4 trl
|9 33186
|
| 852 |
|
|
|a GR-PaULI
|b ΠΑΤΡΑ
|b ΒΚΠ
|b ΒΣ2
|k ΑΣΧΕ
|h 891.7 Τ
|m 041785
|p 025000005794
|t 1
|3 τ.1
|
| 852 |
|
|
|a GR-PaULI
|b ΠΑΤΡΑ
|b ΒΚΠ
|b ΒΣ2
|k ΑΣΧΕ
|h 891.7 Τ
|m 39907
|p 025000000562
|t 1
|3 τ.3
|
| 852 |
|
|
|a GR-PaULI
|b ΠΑΤΡΑ
|b ΒΚΠ
|b ΒΣ2
|k ΑΣΧΕ
|h 891.7 Τ
|m 39008
|p 025000000563
|t 1
|3 τ.4
|
| 942 |
|
|
|2 ddc
|c BK15
|
| 952 |
|
|
|0 0
|1 0
|3 τ.1
|4 0
|6 891_700000000000000_Τ
|7 0
|9 180528
|a LISP
|b LISP
|c BSC
|d 2016-04-24
|i 041785
|l 0
|o 891.7 Τ
|p 025000005794
|r 2016-04-24 00:00:00
|t 1
|w 2016-04-24
|y BK15
|
| 952 |
|
|
|0 0
|1 0
|3 τ.3
|4 0
|6 891_700000000000000_Τ
|7 0
|9 180529
|a LISP
|b LISP
|c BSC
|d 2016-04-24
|i 39907
|l 0
|o 891.7 Τ
|p 025000000562
|r 2016-04-24 00:00:00
|t 1
|w 2016-04-24
|y BK15
|
| 952 |
|
|
|0 0
|1 0
|3 τ.4
|4 0
|6 891_700000000000000_Τ
|7 0
|9 180530
|a LISP
|b LISP
|c BSC
|d 2016-04-24
|i 39008
|l 0
|o 891.7 Τ
|p 025000000563
|r 2016-04-24 00:00:00
|t 1
|w 2016-04-24
|y BK15
|
| 998 |
|
|
|c ΔΡΑΚΟΠΟΥΛΟΥ
|d 1999-03
|
| 999 |
|
|
|c 111624
|d 111624
|